| 000 -LEADER |
| fixed length control field |
00622cam a22001457a 4500 |
| 008 - FIXED-LENGTH DATA ELEMENTS--GENERAL INFORMATION |
| fixed length control field |
180718b1958 xxu||||| |||| 00| 0 eng d |
| 082 ## - DEWEY DECIMAL CLASSIFICATION NUMBER |
| Classification number |
W324x5421 B436 |
| 100 ## - MAIN ENTRY--PERSONAL NAME |
| Personal name |
West Bengal. Commission of Inquiry, Calcutta Bus and Tram Fare Structures in Terms of Decimal Coinage |
| 245 ## - TITLE STATEMENT |
| Title |
Report of the Commission of Inquiry, Calcutta Bus and Tram Fare Strucuture, in Terms of Decimal Coinage |
| Statement of responsibility, etc. |
by Home (Transport) Department |
| 260 ## - PUBLICATION, DISTRIBUTION, ETC. |
| Place of publication, distribution, etc. |
Calcutta |
| Name of publisher, distributor, etc. |
Home (Transport) Department |
| Date of publication, distribution, etc. |
1958 |
| 300 ## - PHYSICAL DESCRIPTION |
| Extent |
226+p. |
| 500 ## - GENERAL NOTE |
| General note |
Chairman: H.L. Dey |
| 700 ## - ADDED ENTRY--PERSONAL NAME |
| Personal name |
West Bengal. Home (Transport) Department |
| 700 ## - ADDED ENTRY--PERSONAL NAME |
| Personal name |
Dey, H.L. (Chairman) |